Greece Immigration by Country - Statistics

General Stats
  • This quiz has been taken 1,792 times
    1,676 since last reset
  • The average score is 15 of 20
Answer Stats
# People Country of Origin % Correct
32,638 Turkey
98%
18,962 United Kingdom
94%
426,449 Albania
89%
71,043 Bulgaria
88%
53,816 Russia
88%
22,259 United States
85%
111,442 Germany
84%
45,020 Romania
84%
23,319 Syria
83%
21,057 Cyprus
77%
27,549 Egypt
77%
18,962 Ukraine
77%
9,909 Iraq
75%
15,264 Poland
65%
12,289 Canada
61%
11,673 Afghanistan
54%
13,923 Armenia
53%
19,710 Australia
51%
81,272 Georgia
50%
26,296 Kazakhstan
22%
No matching quizzes found
Score Distribution
Percent of People with Each Score
Percentile by Number Answered
Your Score History
You have not taken this quiz since the last reset